| 000 | 00552nam a2200193Ia 4500 | ||
|---|---|---|---|
| 005 | 20250508160834.0 | ||
| 008 | 008 250505s9999 xx 000 0 eng d | ||
| 037 | _aTextual | ||
| 040 |
_aFEDL _beng _cFEDL |
||
| 041 |
_aeng _2eng |
||
| 084 |
_a301.15, BAN _qFEDL |
||
| 100 | _aBanerjee D. | ||
| 245 | 0 | _aPersonality characteristics of the unemployed youths of Calcutta | |
| 260 |
_aCalcutta, India _bD.G. and Company _c1973 |
||
| 300 | _a77p. | ||
| 650 | _aSociology | ||
| 942 |
_cTEXL _h301.15, BAN |
||
| 999 |
_c1366903 _d1366903 |
||